000 00506nam a2200169 i 4500
001 87033
003 ES-MaACL
005 20230906175557.0
007 t|
008 041217s1936 fr ||||1| fre d
100 1 _aKorngold, Ralph.
_968604
245 1 0 _aRobespierre
_b: le premier des dictateurs modernes /
_cRalph Korngold ; traduction française de Jacques Marty.
260 _aParis :
_bPayot,
_c1936.
300 _a348 p. ;
_c23 cm.
700 1 _aMarty, Jacques.
_978564
852 _aES-MaACL
_jA-4450
999 _c87033
_d87033